Word Ladder: Horse Gaits Quiz Stats

 Plays Quiz Updated May 27, 2012

Support Sporcle.
Go Orange.
Score 0/17 Timer 02:00
1 Play Today
% Correct
Four-Letter Words♞ TROT ♞
94%
Four-Letter Words♞ WALK ♞
89.4%
Four-Letter WordsTALK
87.7%
Four-Letter WordsROCK
80.5%
Four-Letter WordsTACK
79.9%
Four-Letter WordsTOOT
79%
Four-Letter WordsRACK
77.7%
Six-Letter Words♞ GALLOP ♞
70.9%
Four-Letter WordsTOOK
70.7%
% Correct
Four-Letter WordsROOK
69.6%
Six-Letter WordsGALLON
60.7%
Six-Letter Words♞ CANTER ♞
55.1%
Six-Letter WordsDALTON
47.6%
Six-Letter WordsGALTON
35.8%
Six-Letter WordsCANTON
34.7%
Six-Letter WordsCANTOR
34.5%
Six-Letter WordsDANTON
26.6%

Today's Daily Dose

Missing Word
'80s Musicals

Word Ladder
Hereditary

Get the Picture
Food Names

From the Vault

Find American Paintings

by timmylemoine1

History 4m
Just pick the paintings with the most bald eagles.
Remove Ads.
Support Sporcle.
Get the best of Sporcle when you Go Orange. This ad-free experience offers more features, more stats, and more fun while also helping to support Sporcle. Thank you for becoming a member.

Show Comments

Extras

Top Quizzes Today


Score Distribution

Your Account Isn't Verified!

In order to create a playlist on Sporcle, you need to verify the email address you used during registration. Go to your Sporcle Settings to finish the process.

Report this User

Report this user for behavior that violates our Community Guidelines.

Details: